000 00977nam a22002417a 4500
005 2008090307237.0
008 080903t xxu||||| |||| 00| 0 eng d
010 _aENG-90958
020 _a9788131304112
_c995.00
035 _aEN-74491
037 _bDBAD / PUB
040 _aDPL
_bEnglish
082 _a958.103
245 _aThe extermination of a British Army:
_ccompiled by Terence R. Blackburn
_bthe retreat from cabul /
260 _aNew Delhi
_bAPH Publishing House
_c2008
300 _aliii, 206p.:
_c23 cm (Hb)
_bplates
500 _aIncludes glossary and bibliographical references
651 _aAfghan wars
700 _aBlackburn, Terence R.
270 _a4435-36/7, Ansari Raod, Darya Ganj,
_bNew Delhi
_e110002
_k23274050
942 _2ddc
_cEN
_mEXT
_h958.103
999 _c15366
_d15366